000 00523nam a22001817a 4500
003 CEME
005 20210628210713.0
008 210211b xxu||||| |||| 00| 0 eng d
020 _a81-7635-469-4
040 _c.
082 _a005.4469 BRA
100 _aBragg, roberta
_980628
245 _aMcse window 2000 network security design training guide
260 _aNEW DELHI
_bTECHMEDIA
300 _aXX,910P
650 _aWINDOW 2000-NETWORK SECURITY DESIGN NETWORK SECURITY DESIGN-WINDOW 2000
_980629
942 _cBK
_2ddc
999 _c585526
_d585526